| 000 | 00831cab a2200253 4500 | ||
|---|---|---|---|
| 001 | ABS59681 | ||
| 008 | 090401t1998 xxu||||| |||| 00| 0 eng d | ||
| 035 | _a(Sirsi) u90091 | ||
| 041 | _aeng | ||
| 100 | _aSpittles, D. | ||
| 245 | _aBeyond repair | ||
| 260 | _c1998 | ||
| 350 | _a0 | ||
| 490 |
_aManagement Today _vDecember 1998, 78-80(3) |
||
| 520 | _aA look at landlord and tenant responsibility for dilapidations from the occupiers` perspective. The definition of repair is examined as different factors are looked at when trying to determine legal liability. | ||
| 650 |
_aRefurbishment _96264 |
||
| 650 |
_aDilapidations _96235 |
||
| 650 | _aLEASE TERMS | ||
| 650 | _aLEASEHOLD DISPUTES | ||
| 650 | _aTENANCY AGREEMENT | ||
| 690 | _aLANDLORD AND TENANT-BUSINESS TENANCIES | ||
| 942 | _n0 | ||
| 948 | _c02/12/1998 | ||
| 999 |
_c57063 _d57063 |
||